Регионална библиотека "Любен Каравелов" - Русе

[Майнкрафт] Minecraft (Запис номер 197473)

MARC детайли
000 -Лидер
Контролно поле с фиксирана дължина 01665nam a2200397 c 4500
003 - Код на организацията, давaща контролен номер
Контролно поле BLK
005 - Дата и час на последна редакция
Контролно поле 20250719135926.0
008 - Елементи от данни с фиксирана дължина
fixed length control field 180411b bul|||||r ||||||| ||bul||
010 ## - Наследен системен номер
LC control number KNG00206754000
020 ## - Международен стандартен номер на книга ISBN
Международен стандартен номер на книга ISBN 978-954-27-1808-6
-- издат.: Егмонт България
040 ## - Източник на каталожния запис
Идентификатор на билиотеката - собственик на записа BLK
041 ## - Код за език
Код за езика на текст/звукозапис или на отделно заглавие Български
Код за езика КДБФ Български
072 #7 - Код за тематичната категория
Код организация bullib
Код за тематична категория Н79
Текст Спорт Н
080 ## - УДК
Текстов определител УДК Компютърни игри
УДК код - определител по УДК 794.5:681.322
УДК определител (035)
УДК - код + определител 794.5:681.322(035)
100 1# - Редна дума - Автор
Автор Jelley, Craig
Авторска отговорност първи автор
R(LIN) 14109
139 ## - Редно поле
Редна дума Джели, Крейг
Авторски знак Дже - Д 50
245 10 - Сведения за заглавието
Заглавие [Майнкрафт] Minecraft
Подзаглавни данни Средновековна крепост : Разгънат строеж
Редно поле (дума) * Крейг Джели; Craig Jelley; прев. Димитър Кожухаров; ил. Джо Болдър; ил. Райън Марш.
257 ## - Страна на издаване
Страна на създаване/издаване Съединени американски щати
260 ## - Област на издателските данни
-- София
Име на издателя, разпространителя и проч. Егмонт България
Година на издаване 2016
Печатница Отпеч. в Италия
300 ## - Физическа характеристика
Страници 81 с.
Илюстрации и др. с цв. ил.
Размери/Мащаб 29 см
380 ## - Жанр
Жанр Изкуство
500 ## - Общи забележки
Забележка Ориг. загл.: Exploded builds: Medieval fortress / Craig Jelley
650 #4 - Допълнително описание по предмет – тема
Основно описание – тема или топоним Компютърни игри
9 (RLIN) 309362
653 ## - Ключова дума – ненормативна
Ключова дума електронни игри
659 ## - Тематичен бюлетин
Тематичен бюлетин Н
700 1# - Други автори (авторска отговорност)
Лично име Джели, Крейг
Автороска отговорност (Описва отношението между автора и произведението) *
9 (RLIN) 347862
700 1# - Други автори (авторска отговорност)
Лично име Кожухаров, Димитър
Автороска отговорност (Описва отношението между автора и произведението) прев.
9 (RLIN) 385211
700 1# - Други автори (авторска отговорност)
Лично име Болдър, Джо
Автороска отговорност (Описва отношението между автора и произведението) ил.
9 (RLIN) 41105
700 1# - Други автори (авторска отговорност)
Лично име Марш, Райън
Автороска отговорност (Описва отношението между автора и произведението) ил.
9 (RLIN) 347863
852 ## - Местоположение
Форматна сигнатура Цб ІІ 21815
856 4# - Електронен адрес и достъп
Електронен формат pdf - файл
Път до файла /url/
856 4# - Електронен адрес и достъп
Електронен формат pdf - файл
Път до файла /url/
942 ## - АРТИКУЛИ
Вид на библиотечния материал Книги
Скрит в OPAC Не
Koha issues (borrowed), all copies 89
944 ## - СЪЗДАВАНЕ И РЕДАКЦИЯ на ЗАПИСА
Създаване/Редакция Създаване
Дата на регистрацията/редакция 23.05.2017
Служител, извършил регистрацията/редакцията 30553
Статус, дата на статуса Иваничка Йорданова
944 ## - СЪЗДАВАНЕ И РЕДАКЦИЯ на ЗАПИСА
Създаване/Редакция Редакция
Дата на регистрацията/редакция 26.06.2017
Служител, извършил регистрацията/редакцията Геновева_Генчева
999 ## - СИСТЕМНИ КОНТРОЛНИ НОМЕРА
Koha biblionumber 197473
Koha biblioitemnumber 197473
Наличности
Код за отписване Код за изгубен артикул Код за повреда Коз за рестрикции Код за отдаване Артикулен № Име на библиотеката - собственик Име на библиотеката, в която се намира в момента Статус (Текущо местоположение) Дата на вписване в системата Местоположение - отдел Цена в лева Инвентарен номер Систематично азбучна сигнатура Баркод Номер на екземпляра Цена в евро Служебна бележка Служебен тип на артикула Източник на класификационната схема
  Не е изгубен Не е повреден без рестрикции ползва се в читалня 343829 Регионална библиотека "Любен Каравелов" Русе Регионална библиотека "Любен Каравелов" Русе Хранилище 2017-05-19 Хранилище 24.90 120000811246 Цб ІІ 21815 120000811246 1 12.73 Дост: Dp Вид: Д N: 16 Дата: 28.03.2017 Книги  
  Не е изгубен Не е повреден без рестрикции заемане за дома 750039 Регионална библиотека "Любен Каравелов" Русе Регионална библиотека "Любен Каравелов" Русе Детски отдел 2019-12-02 Детски отдел 18.18   ДН 79/Д 50 120000838276   9.30   Книги Universal Decimal Classification
  Не е изгубен Не е повреден без рестрикции заемане за дома 750040 Регионална библиотека "Любен Каравелов" Русе Регионална библиотека "Любен Каравелов" Русе Детски отдел 2019-12-02 Детски отдел 18.18   ДН 79/Д 50 120000838274   9.30   Книги Universal Decimal Classification
  Не е изгубен Не е повреден без рестрикции заемане за дома 750041 Регионална библиотека "Любен Каравелов" Русе Регионална библиотека "Любен Каравелов" Русе Детски отдел 2019-12-02 Детски отдел 18.18   ДН 79/Д 50 120000838277   9.30   Книги Universal Decimal Classification
  Не е изгубен Не е повреден без рестрикции заемане за дома 750042 Регионална библиотека "Любен Каравелов" Русе Регионална библиотека "Любен Каравелов" Русе Детски отдел 2019-12-02 Детски отдел 18.18   ДН 79/Д 50 120000838278   9.30   Книги Universal Decimal Classification
  Не е изгубен Не е повреден без рестрикции заемане за дома 750043 Регионална библиотека "Любен Каравелов" Русе Регионална библиотека "Любен Каравелов" Русе Детски отдел 2019-12-02 Детски отдел 18.18   ДН 79/Д 50 120000838275   9.30   Книги Universal Decimal Classification
Vip Innovations Ltd, Rousse, Bulgaria 2025